|
|
|
|
| LEADER |
00000naa2a2200000 4500 |
| 001 |
624399 |
| 005 |
20250512100257.0 |
| 035 |
|
|
|a (RuTPU)RU\TPU\conf\23659
|
| 035 |
|
|
|a RU\TPU\conf\23657
|
| 090 |
|
|
|a 624399
|
| 100 |
|
|
|a 20171121d2017 k y0rusy50 ca
|
| 101 |
0 |
|
|a rus
|
| 102 |
|
|
|a RU
|
| 105 |
|
|
|a y z 101zy
|
| 135 |
|
|
|a drgn ---uucaa
|
| 181 |
|
0 |
|a i
|
| 182 |
|
0 |
|a b
|
| 200 |
1 |
|
|a Одномерный расчет траектории движения двухвалентных сольватированных ионов под действием внешнего периодического электрического поля
|f И. А. Ушаков, В. Г. Бутов, И. В. Шаманин
|g науч. рук. С. Н. Тимченко
|
| 203 |
|
|
|a Текст
|c электронный
|
| 225 |
1 |
|
|a Селекция и глубокая очистка трудно разделяемых веществ физико-химическими методами
|
| 320 |
|
|
|a [Библиогр.: с. 78 (2 назв.)]
|
| 463 |
|
0 |
|0 (RuTPU)RU\TPU\conf\23567
|t Изотопы: технологии, материалы и применение
|o материалы IV Международной научной конференции молодых ученых, аспирантов и студентов, г. Томск, 30 октября - 3 ноября 2017 г.
|f Национальный исследовательский Томский политехнический университет (ТПУ)
|v [С. 78]
|d 2017
|
| 610 |
1 |
|
|a электронный ресурс
|
| 610 |
1 |
|
|a траектория движения
|
| 610 |
1 |
|
|a сольватированные ионы
|
| 610 |
1 |
|
|a внешние поля
|
| 610 |
1 |
|
|a электрические поля
|
| 610 |
1 |
|
|a периодические поля
|
| 610 |
1 |
|
|a математическое моделирование
|
| 610 |
1 |
|
|a селективный дрейф
|
| 610 |
1 |
|
|a металлы
|
| 610 |
1 |
|
|a труды учёных ТПУ
|
| 700 |
|
1 |
|a Ушаков
|b И. А.
|c физик
|c инженер Томского политехнического университета
|f 1991-
|g Иван Алексеевич
|3 (RuTPU)RU\TPU\pers\34915
|
| 701 |
|
1 |
|a Бутов
|b В. Г.
|c физик
|c профессор Томского политехнического университета, доктор физико-математических наук
|f 1944-
|g Владимир Григорьевич
|3 (RuTPU)RU\TPU\pers\25813
|
| 701 |
|
1 |
|a Шаманин
|b И. В.
|c российский физик-ядерщик, специалист в области атомной энергетики
|c профессор Томского политехнического университета, доктор физико-математических наук
|f 1962-
|g Игорь Владимирович
|3 (RuTPU)RU\TPU\pers\22022
|
| 702 |
|
1 |
|a Тимченко
|b С. Н.
|c физик
|c доцент Томского политехнического университета, кандидат наук
|f 1980-
|g Сергей Николаевич
|4 727
|
| 712 |
0 |
2 |
|a Национальный исследовательский Томский политехнический университет
|c (2009- )
|9 26305
|
| 801 |
|
2 |
|a RU
|b 63413507
|c 20171123
|g RCR
|
| 850 |
|
|
|a 63413507
|
| 856 |
4 |
|
|u http://earchive.tpu.ru/handle/11683/44136
|
| 942 |
|
|
|c BK
|